000 00393nam a2200169Ia 4500
008 221030s9999 xx 000 0 und d
020 _a0070589712
041 _aEnglish
082 _a105.23
_bBri
100 _aJ. A. O`Brien
245 0 _aIntroduction to Information System
250 _a12th
260 _bTMH
_aNew Delhi
_c2005
300 _a452
650 _aMBA Computers
942 _cBK
999 _c2390
_d2390